Operations Research/ (Record no. 2132)

MARC details
000 -LEADER
Fixed length control field 00435nam a2200157 4500
003 - CONTROL NUMBER IDENTIFIER
Control field SEACOMEC
005 - DATE AND TIME OF LATEST TRANSACTION
Control field 20250327132047.0
008 - FIXED-LENGTH DATA ELEMENTS--GENERAL INFORMATION
Fixed length control field 250327b |||||||| |||| 00| 0 eng d
020 ## - INTERNATIONAL STANDARD BOOK NUMBER / ISBN
International Standard Book Number 9788121902816
Price 490.00
040 ## - CATALOGING SOURCE
Original cataloging agency SEACOMEC
082 ## - DEWEY DECIMAL CLASSIFICATION NUMBER
Classification number 003
Book Number G977
100 ## - MAIN ENTRY--PERSONAL NAME
Personal name Gupta, P. K. (Prem Kumar)
245 ## - TITLE STATEMENT
Title Operations Research/
Statement of responsibility Prem Kumar Gupta and D. S. Hira,
260 ## - IMPRINT
Place of publication Kolkata:
Name of publisher S. Chand Publishing,
Date of publication 2008
942 ## - ADDED ENTRY ELEMENTS (KOHA)
Koha item type Books
Holdings
Withdrawn status Lost status Source of classification Damaged status Not for loan Home library Current library Date acquired Total Checkouts Call number Accession number Date last seen Price effective from Koha item type Copy number
    Dewey Decimal Classification     SEACOM ENGINEERING COLLEGE SEACOM ENGINEERING COLLEGE 07/10/2009   003 G977 15154 27/03/2025 27/03/2025 Reference Books  
    Dewey Decimal Classification     SEACOM ENGINEERING COLLEGE SEACOM ENGINEERING COLLEGE 07/10/2009   003 G977 15155 27/03/2025 27/03/2025 Books 1
    Dewey Decimal Classification     SEACOM ENGINEERING COLLEGE SEACOM ENGINEERING COLLEGE 07/10/2009   003 G977 15156 27/03/2025 27/03/2025 Books 2
    Dewey Decimal Classification     SEACOM ENGINEERING COLLEGE SEACOM ENGINEERING COLLEGE 07/10/2009   003 G977 15157 27/03/2025 27/03/2025 Books 3
    Dewey Decimal Classification     SEACOM ENGINEERING COLLEGE SEACOM ENGINEERING COLLEGE 07/10/2009   003 G977 15158 27/03/2025 27/03/2025 Books 4
    Dewey Decimal Classification     SEACOM ENGINEERING COLLEGE SEACOM ENGINEERING COLLEGE 07/10/2009   003 G977 15159 27/03/2025 27/03/2025 Books 5
    Dewey Decimal Classification     SEACOM ENGINEERING COLLEGE SEACOM ENGINEERING COLLEGE 07/10/2009   003 G977 15160 27/03/2025 27/03/2025 Books 6
    Dewey Decimal Classification     SEACOM ENGINEERING COLLEGE SEACOM ENGINEERING COLLEGE 07/10/2009   003 G977 15161 27/03/2025 27/03/2025 Books 7
    Dewey Decimal Classification     SEACOM ENGINEERING COLLEGE SEACOM ENGINEERING COLLEGE 07/10/2009   003 G977 15162 27/03/2025 27/03/2025 Books 8
    Dewey Decimal Classification     SEACOM ENGINEERING COLLEGE SEACOM ENGINEERING COLLEGE 07/10/2009   003 G977 15163 27/03/2025 27/03/2025 Books 9
    Dewey Decimal Classification     SEACOM ENGINEERING COLLEGE SEACOM ENGINEERING COLLEGE 07/10/2009   003 G977 15164 27/03/2025 27/03/2025 Books 10
    Dewey Decimal Classification     SEACOM ENGINEERING COLLEGE SEACOM ENGINEERING COLLEGE 07/10/2009   003 G977 15165 27/03/2025 27/03/2025 Books 11
    Dewey Decimal Classification     SEACOM ENGINEERING COLLEGE SEACOM ENGINEERING COLLEGE 07/10/2009   003 G977 15166 27/03/2025 27/03/2025 Books 12
    Dewey Decimal Classification     SEACOM ENGINEERING COLLEGE SEACOM ENGINEERING COLLEGE 07/10/2009   003 G977 15167 27/03/2025 27/03/2025 Books 13
    Dewey Decimal Classification     SEACOM ENGINEERING COLLEGE SEACOM ENGINEERING COLLEGE 07/10/2009   003 G977 15168 27/03/2025 27/03/2025 Books 14
© Seacom Engineering College, All rights reserved.      Powered by Koha